[Event "Aeroflot Open"]
[Site "Moscow RUS"]
[Date "2002.02.05"]
[Round "1"]
[White "Zvjaginsev,V"]
[Black "Sargissian,G"]
[Result "1/2-1/2"]
[WhiteElo "2656"]
[BlackElo "2515"]
[EventDate "2002.02.04"]

1. e4 c6 2. d4 d5 3. e5 Bf5 4. Be3 e6 5. Nd2 Qb6 6. Nb3 Nd7 7. Nf3 h6 8.
Be2 Ne7 9. O-O g5 10. c4 a5 11. a4 Bg6 12. h3 Qc7 13. cxd5 Nxd5 14. Bd3 Be7
15. Qb1 Rg8 16. Nfd2 O-O-O 17. Nc4 g4 18. hxg4 Bxd3 19. Qxd3 Rxg4 20. Bd2
Rdg8 21. g3 Nb4 22. Qh7 R4g7 23. Qxh6 f6 24. Rae1 fxe5 25. dxe5 Rg6 26. Qh5
Nc5 27. Re3 Nd5 28. Bxa5 b6 29. Bxb6 Nxb6 30. Nd6+ Bxd6 31. exd6 Qxd6 32.
Qxc5 Qc7 33. Rc1 Nd5 34. Rf3 Rxg3+ 35. fxg3 Rxg3+ 36. Rxg3 Qxg3+ 37. Kf1
Qh3+ 38. Kf2 Qh2+ 39. Ke1 Qh1+ 40. Kd2 Qg2+ 41. Ke1 1/2-1/2

[Event "Aeroflot Open"]
[Site "Moscow RUS"]
[Date "2002.02.05"]
[Round "1"]
[White "Aleksandrov,A"]
[Black "Lugovoi,A"]
[Result "1-0"]
[WhiteElo "2645"]
[BlackElo "2510"]
[EventDate "2002.02.04"]

1. c4 Nf6 2. Nc3 e5 3. Nf3 Nc6 4. g3 Nd4 5. Bg2 Nxf3+ 6. Bxf3 Bc5 7. a3 d6
8. d3 h6 9. Na4 Bb6 10. Qc2 Qe7 11. O-O O-O 12. Bg2 Re8 13. Bd2 Rb8 14. b4
Bd7 15. Nxb6 axb6 16. a4 e4 17. Bc3 Bc6 18. Rfe1 e3 19. f3 Nh7 20. Bb2 Qg5
21. a5 bxa5 22. Rxa5 Qg6 23. Qc3 b6 24. Ra7 Bb7 25. b5 h5 26. Qd4 Qh6 27.
h4 Nf8 28. f4 Bxg2 29. Kxg2 Re7 30. Rf1 Ne6 31. Qxe3 Ree8 1-0

[Event "Aeroflot Open"]
[Site "Moscow RUS"]
[Date "2002.02.05"]
[Round "1"]
[White "Inarkiev,E"]
[Black "Tregubov,P"]
[Result "0-1"]
[WhiteElo "2500"]
[BlackElo "2626"]
[EventDate "2002.02.04"]

1. d4 d5 2. c4 e6 3. Nc3 c6 4. cxd5 exd5 5. Qc2 g6 6. Bf4 Bf5 7. Qd2 Nf6 8.
e3 Nbd7 9. Nge2 Nh5 10. f3 Nxf4 11. Nxf4 Bh6 12. O-O-O Qf6 13. Nce2 Nb6 14.
g4 Bd7 15. Kb1 O-O-O 16. h4 Qe7 17. Nc1 Rde8 18. g5 Bg7 19. Re1 h6 20. Rg1
hxg5 21. hxg5 Kb8 22. Bd3 Nc4 23. Qc3 Nd6 24. Re2 Rh4 25. Qe1 Reh8 26. Nb3
Bf5 27. Qd2 Nc4 28. Qc1 Bxd3+ 29. Nxd3 Bxd4 30. Rge1 Bg7 31. e4 Qd8 32.
exd5 Qxd5 33. Nbc5 Nd6 34. Re7 Rd8 35. Ne5 Bxe5 36. R1xe5 Qxf3 37. Rd7 Rxd7
38. Nxd7+ Kc7 39. Nf6 Rh1 40. Re1 Qf5+ 41. Ka1 Rxe1 42. Qxe1 Qe6 43. Qa5+
Kc8 44. a3 a6 45. Qc5 Qe1+ 46. Ka2 Qe6+ 47. Ka1 Kb8 48. Qa5 Qe7 49. Qc5
Qe1+ 50. Ka2 Qe6+ 51. Ka1 Ne4 52. Qe3 Nd6 53. Qc5 Nc4 54. Qd4 Kc7 0-1

[Event "Aeroflot Open"]
[Site "Moscow RUS"]
[Date "2002.02.05"]
[Round "1"]
[White "Postny,E"]
[Black "Kobalia,M"]
[Result "1/2-1/2"]
[WhiteElo "2491"]
[BlackElo "2620"]
[EventDate "2002.02.04"]

1. d4 f5 2. c4 Nf6 3. Nf3 g6 4. g3 Bg7 5. Bg2 O-O 6. b4 c6 7. O-O Ne4 8.
Bb2 a5 9. a3 d5 10. cxd5 cxd5 11. Nc3 axb4 12. axb4 Rxa1 13. Bxa1 Nxc3 14.
Bxc3 Bd7 15. Ne5 Bb5 16. Re1 e6 17. Qb3 Qd6 18. e3 Nd7 19. Nxd7 Qxd7 20.
Bf3 Rc8 21. Rc1 Qc6 22. Qb2 Bc4 23. Bd2 b6 24. Bd1 Bf8 25. Ra1 Ra8 26. Ra3
Bb5 27. Rxa8 Qxa8 28. Bc3 Qa6 29. Bb3 Bc4 30. Bc2 Kf7 31. Bd2 Be7 32. Bd1
Be2 33. Bxe2 Qxe2 34. b5 g5 35. Bc3 Qd3 36. h3 h5 37. Be1 Kg6 38. Kg2 Kf7
39. Kg1 Bd6 40. Kg2 f4 41. Qd2 Qxb5 42. Qc2 Kg7 43. Qc8 fxe3 44. Qxe6 exf2
45. Bxf2 Qc6 46. h4 g4 47. Qf5 Be7 48. Qxh5 Qe6 49. Qe8 Qe4+ 50. Kg1 Bf6
51. Qxe4 dxe4 52. d5 b5 53. Bc5 Kg6 54. Kf2 Kf5 55. h5 Ke5 56. d6 Kd5 57.
Bb4 Bg5 58. d7 Ke6 59. h6 Kxd7 60. h7 Bf6 1/2-1/2

[Event "Aeroflot Open"]
[Site "Moscow RUS"]
[Date "2002.02.05"]
[Round "1"]
[White "Belov,Vl"]
[Black "Macieja,B"]
[Result "0-1"]
[WhiteElo "2487"]
[BlackElo "2612"]
[EventDate "2002.02.04"]

1. d4 Nf6 2. c4 e6 3. Nf3 b6 4. Nc3 Bb7 5. a3 d5 6. cxd5 Nxd5 7. Qc2 Nxc3
8. bxc3 Be7 9. e4 O-O 10. Bd3 c5 11. O-O Qc7 12. Qe2 Nd7 13. Re1 Rac8 14.
e5 Rfd8 15. Bb2 Nf8 16. Qe3 Ng6 17. Rad1 Bd5 18. Ng5 Rd7 19. Qg3 Qd8 20.
Nxf7 Kxf7 21. c4 Bxg2 22. Qxg2 cxd4 23. Qf3+ Kg8 24. Bxg6 hxg6 25. Qg4 Rc6
26. Qxg6 Bc5 27. Rd3 Rf7 28. Re4 Rf5 29. Rg4 Qd7 30. Rh3 Qf7 31. Qh7+ Kf8
32. Qh8+ Qg8 33. Qh4 Be7 34. Qg3 Rxc4 35. Qb3 Rc7 36. Rxd4 Kf7 37. Rg3 Qc8
38. Rd1 Kg8 0-1

[Event "Aeroflot Open"]
[Site "Moscow RUS"]
[Date "2002.02.05"]
[Round "1"]
[White "Asrian,K"]
[Black "Gagunashvili,M"]
[Result "1/2-1/2"]
[WhiteElo "2599"]
[BlackElo "2486"]
[EventDate "2002.02.04"]

1. e4 d6 2. d4 Nf6 3. Nc3 g6 4. Nf3 Bg7 5. Be2 O-O 6. O-O c6 7. Re1 Qc7 8.
Bf4 Nbd7 9. e5 Nh5 10. Bg5 dxe5 11. Bxe7 Re8 12. d5 Qb6 13. dxc6 bxc6 14.
Ba3 e4 15. Bc4 Nhf6 16. Ng5 Ne5 17. Ncxe4 Bg4 18. Nxf6+ Bxf6 19. Qd6 Bxg5
20. Rxe5 Red8 21. Qc5 Bf6 22. Ree1 Qxc5 23. Bxc5 Bxb2 24. Rab1 Bd4 25. Be7
Rd7 26. h3 Bf5 27. Re2 Bxc2 28. Rbe1 Bc3 29. Rf1 Bd1 30. Re3 Re8 31. Bc5
Rxe3 32. fxe3 Ba4 33. Rb1 Kg7 34. Bb3 Bxb3 35. Rxb3 Ba5 36. Rb8 Rd1+ 37.
Kf2 Rd2+ 38. Kf3 Rxa2 39. Bxa7 Be1 40. Bd4+ Kh6 41. e4 Bc3 42. Be3+ Kg7 43.
Rc8 Ra6 44. g4 Kf6 45. Bc5 h5 46. Re8 hxg4+ 47. hxg4 Kg7 48. e5 Ra5 49.
Bf8+ Kh7 50. Bd6 Rd5 51. g5 Rd3+ 52. Ke4 Rd4+ 53. Ke3 Rd5 54. Ke4 1/2-1/2

[Event "Aeroflot Open"]
[Site "Moscow RUS"]
[Date "2002.02.05"]
[Round "1"]
[White "Ulko,J"]
[Black "Magomedov,M"]
[Result "1/2-1/2"]
[WhiteElo "2484"]
[BlackElo "2596"]
[EventDate "2002.02.04"]

1. d4 d5 2. c4 c6 3. Nf3 Nf6 4. e3 Bg4 5. h3 Bh5 6. cxd5 cxd5 7. Qb3 Qc8 8.
Bb5+ Nbd7 9. Nc3 Bxf3 10. gxf3 e6 11. e4 a6 12. Bd3 Be7 13. Rg1 g6 14. exd5
Nxd5 15. Nxd5 exd5 16. Bh6 Qc6 17. Kf1 Nf8 18. Bg7 Rg8 19. Be5 f6 20. Bf4
Ne6 21. Rc1 Qd7 22. Bf5 Kf7 23. Rc7 Qb5+ 24. Qxb5 axb5 25. Bxe6+ Kxe6 26.
Kg2 Rxa2 27. Re1+ Kf5 28. Bg3 Bb4 29. Re2 Rd8 30. Rxb7 Bc3 31. Rxb5 Bxd4
32. Rd2 Be5 33. Rdxd5 1/2-1/2

[Event "Aeroflot Open"]
[Site "Moscow RUS"]
[Date "2002.02.05"]
[Round "1"]
[White "Milov,V"]
[Black "Ovetchkin,R"]
[Result "1-0"]
[WhiteElo "2595"]
[BlackElo "2483"]
[EventDate "2002.02.04"]

1. d4 e6 2. c4 Nf6 3. Nc3 Bb4 4. e3 b6 5. f3 c5 6. d5 O-O 7. e4 Re8 8. Nge2
exd5 9. cxd5 d6 10. Ng3 Nbd7 11. Be2 a6 12. a4 Nf8 13. O-O Ng6 14. Na2 Ba5
15. Rb1 Bd7 16. b4 cxb4 17. Nxb4 Bxb4 18. Rxb4 b5 19. axb5 axb5 20. Kh1 Ne5
21. Bxb5 Qa5 22. Bxd7 Nfxd7 23. Qd4 Nc5 24. Be3 g6 25. Rfb1 h5 26. h3 Qd8
27. Qd2 Ned3 28. Rb6 Qf6 29. Ne2 Ra4 30. Nc3 Ra3 31. Ne2 Kh7 32. Bd4 Qh4
33. Rb8 Ra8 34. Rxe8 Rxe8 35. Kh2 Ra8 36. Rb6 Qd8 37. Rc6 Ra4 38. Bxc5 Nxc5
39. Qf4 Kg7 40. Qxd6 Qxd6+ 41. Rxd6 Nd3 42. Rc6 Ra2 43. Nc1 Nxc1 44. Rxc1
Rd2 45. h4 Kf6 46. Rc7 1-0

[Event "Aeroflot Open"]
[Site "Moscow RUS"]
[Date "2002.02.05"]
[Round "1"]
[White "Zubarev,A1"]
[Black "Avrukh,B"]
[Result "1/2-1/2"]
[WhiteElo "2480"]
[BlackElo "2591"]
[EventDate "2002.02.04"]

1. c4 e5 2. Nc3 Nf6 3. g3 Bb4 4. Bg2 O-O 5. Nf3 Re8 6. O-O e4 7. Nd4 Nc6 8.
Nc2 Bxc3 9. dxc3 h6 10. Ne3 Ne5 11. Qc2 Ng6 12. f4 exf3 13. exf3 b6 14. f4
Rb8 15. Bd2 Bb7 16. Bxb7 Rxb7 17. Rae1 Rb8 18. Qd3 d6 19. b3 Qd7 20. Nd5
Nxd5 21. Qxd5 Qg4 22. Qc6 Rxe1 23. Rxe1 Rc8 24. Kf2 Qh3 25. Qg2 Qh5 26. Kg1
Qc5+ 27. Be3 Qa5 28. Bd4 c5 29. f5 cxd4 30. fxg6 fxg6 31. Qb7 Qc5 32. cxd4
Qxd4+ 33. Kh1 Rf8 34. Qd5+ Qxd5+ 35. cxd5 Rf2 36. a4 Rf3 37. Re7 a5 38. Re6
g5 39. Rxd6 Rxb3 40. Rd7 Rd3 41. Rd6 Kf7 42. Rxb6 Rxd5 43. Ra6 g4 44. Kg2
Ke7 45. h3 Rd2+ 46. Kh1 gxh3 47. Rxa5 Rg2 48. Re5+ Kf6 49. Re3 Ra2 50. Re4
Kg5 51. Rh4 h5 52. Rb4 g6 53. Rd4 Kf5 54. Rf4+ Kg5 55. Rc4 Rb2 56. Rd4
1/2-1/2

[Event "Aeroflot Open"]
[Site "Moscow RUS"]
[Date "2002.02.05"]
[Round "1"]
[White "Tunik,G"]
[Black "Dolmatov,S"]
[Result "1/2-1/2"]
[WhiteElo "2469"]
[BlackElo "2588"]
[EventDate "2002.02.04"]

1. d4 e6 2. c4 f5 3. g3 Nf6 4. Bg2 c6 5. Nh3 d5 6. Qc2 Bd6 7. Bf4 Be7 8.
O-O O-O 9. Nd2 Nh5 10. Bxb8 Rxb8 11. e3 g5 12. Rfe1 Bd7 13. a3 Bf6 14. Nb3
b6 15. Rad1 Ng7 16. Nc1 Ne8 17. Nd3 Nd6 18. cxd5 cxd5 19. Ne5 Rc8 20. Qb3
Bxe5 21. dxe5 Ne4 22. Rc1 Qe7 23. Qd3 Nc5 24. Qe2 g4 25. Nf4 Qg7 26. b4 Na4
27. Qa6 Qxe5 28. Qxa7 Qd6 29. Qa6 Nc3 30. Qd3 Qe5 31. h3 gxh3 32. Bxh3 Rc4
33. Bf1 Rfc8 34. f3 Qg7 35. Rc2 Kf7 36. Rg2 Rg8 37. Qd2 Rc7 38. Rc1 Rgc8
39. Kh1 Ke7 40. Qe1 Bb5 41. Bxb5 Nxb5 42. Rxc7+ Rxc7 43. a4 Nd6 44. a5 Nc4
45. axb6 Nxb6 46. g4 fxg4 47. Rxg4 Qf6 48. Qg3 Rc1+ 49. Kh2 e5 50. Nd3 Rc2+
51. Kg1 Kd6 52. e4 Nc4 53. f4 exf4 54. Rxf4 Qd4+ 55. Nf2 Kc6 56. exd5+ Kb5
57. d6 Qe5 58. Rf3 1/2-1/2

[Event "Aeroflot Open"]
[Site "Moscow RUS"]
[Date "2002.02.05"]
[Round "1"]
[White "Yagupov,I"]
[Black "Sulskis,S"]
[Result "0-1"]
[WhiteElo "2466"]
[BlackElo "2579"]
[EventDate "2002.02.04"]

1. e4 e5 2. Nf3 d6 3. d4 Qe7 4. Nc3 c6 5. h3 g6 6. Bg5 f6 7. Be3 Bh6 8. Qd2
Bxe3 9. Qxe3 Kf8 10. Bd3 Kg7 11. O-O Nh6 12. Nd2 b5 13. f4 exd4 14. Qxd4 a5
15. a4 b4 16. Ne2 Rd8 17. Qf2 Nd7 18. Nd4 Bb7 19. Rae1 c5 20. N4f3 Ba6 21.
Bxa6 Rxa6 22. Nc4 Nb6 23. Nxb6 Rxb6 24. Nd2 Nf7 25. Nc4 Ra6 26. Re3 Re8 27.
Qe2 Ra7 28. Rd1 Qc7 29. Qd3 Re6 30. b3 Qc8 31. Qe2 Qc6 32. Qd3 Kg8 33. Kf2
Kg7 34. Qe2 Ree7 35. Qf3 Ra8 36. Rd5 Re6 37. Qd1 Rae8 38. Qd3 Qc7 39. g4
Qe7 40. Nxa5 f5 41. gxf5 Qh4+ 42. Ke2 gxf5 43. Rxf5 Nh6 44. Rg5+ Kh8 45.
Qd1 Qxf4 46. Qa1+ Rf6 47. Rg1 d5 48. Rf1 Qh2+ 49. Kd3 c4+ 50. bxc4 dxe4+
51. Rxe4 Rd8+ 52. Rd4 Qxh3+ 53. Ke2 Re8+ 0-1

[Event "Aeroflot Open"]
[Site "Moscow RUS"]
[Date "2002.02.05"]
[Round "1"]
[White "Kovalev,A"]
[Black "Kovalevskaya,E"]
[Result "0-1"]
[WhiteElo "2575"]
[BlackElo "2462"]
[EventDate "2002.02.04"]

1. e4 c5 2. Nc3 Nc6 3. f4 g6 4. Nf3 Bg7 5. Bc4 e6 6. O-O Nge7 7. e5 d5 8.
exd6 Qxd6 9. Ne4 Qc7 10. d3 O-O 11. Qe1 Nf5 12. g4 Nfd4 13. Nfg5 h6 14. c3
b5 15. cxd4 bxc4 16. f5 exf5 17. Bf4 Qd8 18. gxf5 Bxf5 19. d5 Nd4 20. dxc4
hxg5 21. Nxg5 f6 22. Ne6 Bxe6 23. dxe6 Re8 24. Qe4 f5 25. Qg2 Rxe6 26. Rae1
Qe8 27. Rxe6 Nxe6 28. Re1 Rd8 29. b4 Qf7 30. Be3 cxb4 31. c5 Bd4 32. Bxd4
Rxd4 33. Qa8+ Kg7 34. c6 Ng5 35. Rc1 Qd5 36. Qxa7+ Kh6 0-1

[Event "Aeroflot Open"]
[Site "Moscow RUS"]
[Date "2002.02.05"]
[Round "1"]
[White "Chernikov,O"]
[Black "Shchekachev,A"]
[Result "1-0"]
[WhiteElo "2460"]
[BlackElo "2573"]
[EventDate "2002.02.04"]

1. Nf3 c5 2. c3 b6 3. d4 Bb7 4. e3 Nf6 5. Bd3 g6 6. O-O Bg7 7. Re1 d5 8.
Nbd2 Nbd7 9. b3 O-O 10. Bb2 Qc7 11. c4 cxd4 12. exd4 e6 13. Rc1 Qf4 14. c5
Rfc8 15. b4 Ne4 16. Rc2 e5 17. g3 Qf5 18. c6 Rxc6 19. Nxe4 Rxc2 20. Nd6 Qe6
21. Qxc2 Qxd6 22. dxe5 Qxb4 23. e6 Nc5 24. exf7+ Kxf7 25. Bxg7 Kxg7 26.
Re7+ Kg8 27. Bxg6 1-0

[Event "Aeroflot Open"]
[Site "Moscow RUS"]
[Date "2002.02.05"]
[Round "1"]
[White "Psakhis,L"]
[Black "Pogorelov,R"]
[Result "1/2-1/2"]
[WhiteElo "2572"]
[BlackElo "2460"]
[EventDate "2002.02.04"]

1. d4 Nf6 2. c4 e6 3. Nf3 b6 4. g3 Ba6 5. b3 Bb4+ 6. Bd2 Be7 7. Bg2 c6 8.
Bc3 d5 9. Nbd2 Nbd7 10. O-O O-O 11. Re1 Bb7 12. e4 dxe4 13. Nxe4 c5 14.
Ned2 cxd4 15. Nxd4 Bxg2 16. Kxg2 Qc7 17. b4 Rfd8 18. Qe2 Rac8 19. Rac1 Nb8
20. a3 Rd7 21. N2f3 Qb7 22. Kg1 Rdd8 23. Ne5 Nfd7 24. Ndf3 Nxe5 25. Nxe5
Bd6 1/2-1/2

[Event "Aeroflot Open"]
[Site "Moscow RUS"]
[Date "2002.02.05"]
[Round "1"]
[White "Shushpanov,R"]
[Black "Galkin,A"]
[Result "1/2-1/2"]
[WhiteElo "2460"]
[BlackElo "2570"]
[EventDate "2002.02.04"]

1. d4 d5 2. Nf3 e6 3. g3 Nf6 4. Bg2 Nbd7 5. O-O c6 6. b3 b6 7. Bb2 Be7 8.
Nbd2 Bb7 9. c4 O-O 10. Ne5 Rc8 11. e4 Rc7 12. Qe2 Qa8 13. Rac1 Rfc8 14. Rc2
dxe4 15. Nxe4 c5 16. Nxf6+ Bxf6 17. Bxb7 Qxb7 18. dxc5 Bxe5 19. Bxe5 Nxe5
20. Qxe5 Rxc5 21. Qd4 b5 22. Rd2 1/2-1/2

[Event "Aeroflot Open"]
[Site "Moscow RUS"]
[Date "2002.02.05"]
[Round "1"]
[White "Lerner,K"]
[Black "Isaev,J"]
[Result "1-0"]
[WhiteElo "2569"]
[BlackElo "2455"]
[EventDate "2002.02.04"]

1. c4 Nf6 2. Nc3 d5 3. cxd5 Nxd5 4. g3 g6 5. Bg2 Nb6 6. d3 Bg7 7. Be3 O-O
8. Qd2 Re8 9. Bh6 Bh8 10. h4 c5 11. Be3 c4 12. d4 Nc6 13. d5 Ne5 14. h5 Bf5
15. hxg6 Bxg6 16. Nh3 Ng4 17. Nf4 Qd6 18. Nxg6 hxg6 19. Bd4 e5 20. Ne4 Qxd5
21. Nf6+ Bxf6 22. Bxd5 exd4 23. Bxb7 Rab8 24. Bc6 Re6 25. Qf4 Ne5 26. Be4
Na4 27. Kf1 Rxb2 28. Bd5 Rd6 29. Qxd4 Rbb6 30. Rc1 Kg7 31. Kg2 Ra6 32. e4
Nb6 33. Rc2 Ra5 34. Qd2 Raxd5 35. exd5 Rxd5 36. Qh6+ Kg8 37. Rd2 Nd3 38.
Re2 Rd8 39. Re7 Bg7 40. Qe3 Kf8 41. Rxa7 Nd5 42. Qg5 Nf6 43. Qa5 Re8 44.
Qc7 Ne5 45. Re1 1-0

[Event "Aeroflot Open"]
[Site "Moscow RUS"]
[Date "2002.02.05"]
[Round "1"]
[White "Vlassov,N"]
[Black "Kogan,A"]
[Result "1/2-1/2"]
[WhiteElo "2454"]
[BlackElo "2568"]
[EventDate "2002.02.04"]

1. e4 c5 2. c3 b6 3. d4 Bb7 4. Bd3 Nf6 5. Qe2 cxd4 6. cxd4 Nc6 7. Nf3 Nb4
8. Nc3 Nxd3+ 9. Qxd3 Qc8 10. Bg5 d5 11. Bxf6 dxe4 12. Nxe4 gxf6 13. O-O Bh6
14. Ng3 e6 15. d5 Bxd5 16. Nf5 Bf8 17. Rfd1 Qb7 18. Rac1 a6 19. N3h4 Rg8
20. g3 Rg5 21. Qd4 Be4 22. Nd6+ Bxd6 23. Qxd6 Rd5 24. Rxd5 Qxd5 25. Qxb6
Qd2 26. Rf1 Kf8 27. f3 Bd5 28. Ng2 Rc8 29. Nf4 Bxa2 30. Rf2 Qd1+ 31. Kg2
Bc4 32. Nh5 Bb5 33. Qa5 Qd4 34. Rd2 Qe5 35. Qa3+ Kg8 36. g4 Qe1 37. Nxf6+
Kg7 38. Nh5+ Kg6 39. Nf4+ Kg7 40. Nh5+ Kg6 41. Nf4+ 1/2-1/2

[Event "Aeroflot Open"]
[Site "Moscow RUS"]
[Date "2002.02.05"]
[Round "1"]
[White "Volkov,S"]
[Black "Bocharov,D"]
[Result "1-0"]
[WhiteElo "2567"]
[BlackElo "2452"]
[EventDate "2002.02.04"]

1. d4 Nf6 2. c4 e6 3. Nc3 Bb4 4. f3 O-O 5. e4 d5 6. cxd5 exd5 7. e5 Nfd7 8.
a3 Bxc3+ 9. bxc3 f6 10. exf6 Qxf6 11. Ne2 Re8 12. Kf2 b6 13. Nf4 c6 14. Qa4
a5 15. Bd2 Re7 16. Qb3 Ba6 17. Bxa6 Rxa6 18. Rhe1 Rxe1 19. Rxe1 Nf8 20. Re8
Nbd7 1-0

[Event "Aeroflot Open"]
[Site "Moscow RUS"]
[Date "2002.02.05"]
[Round "1"]
[White "Korotylev,A"]
[Black "Obodchuk,A"]
[Result "1-0"]
[WhiteElo "2564"]
[BlackElo "2438"]
[EventDate "2002.02.04"]

1. d4 Nf6 2. c4 g6 3. Nc3 d5 4. Nf3 Bg7 5. Qb3 dxc4 6. Qxc4 O-O 7. e4 Na6
8. Be2 c5 9. d5 e6 10. O-O exd5 11. exd5 Bf5 12. Be3 Re8 13. Rfd1 Qb6 14.
d6 Rad8 15. Ng5 Rf8 16. Na4 Qb4 17. Qxb4 cxb4 18. Rac1 Bd7 19. Nc5 Nxc5 20.
Bxc5 h6 21. Nf3 Rfe8 22. Bf1 Ne4 23. Bxb4 Bxb2 24. Rc7 Ba4 25. d7 Re6 26.
Nd4 Rxd7 27. Rxd7 Bxd7 28. Nxe6 Bxe6 29. a4 Kg7 30. f3 Nf6 31. Bc5 b6 32.
Bd4 Bxd4+ 33. Rxd4 Nd7 34. Bc4 Kf6 35. Kf2 Nc5 36. Bxe6 Kxe6 37. Ke3 h5 38.
h4 Ke7 39. g4 hxg4 40. fxg4 Kf6 41. Rf4+ Kg7 42. Rc4 Kf6 43. Kf4 g5+ 44.
hxg5+ Kg6 45. Ke5 Kxg5 46. Kd6 Nb3 47. Kc7 Na5 48. Re4 Nb3 49. Kb8 Nc5 50.
Rc4 a5 51. Kc7 Nxa4 52. Rxa4 b5 53. Rxa5 Kxg4 54. Kd6 f5 55. Ke5 f4 56. Ke4
1-0

[Event "Aeroflot Open"]
[Site "Moscow RUS"]
[Date "2002.02.05"]
[Round "1"]
[White "Turov,M"]
[Black "Khurtsidze,N"]
[Result "1/2-1/2"]
[WhiteElo "2563"]
[BlackElo "2434"]
[EventDate "2002.02.04"]

1. d4 Nf6 2. c4 e6 3. Nc3 Bb4 4. Qc2 O-O 5. a3 Bxc3+ 6. Qxc3 b6 7. Bg5 c5
8. d5 Nxd5 9. Bxd8 Nxc3 10. Bc7 Ne4 11. f3 Nf6 12. Bd6 Re8 13. b4 cxb4 14.
axb4 Nc6 15. e4 e5 16. Kf2 Bb7 17. b5 Na5 18. Bd3 Rac8 19. Ra4 a6 20. Ne2
axb5 21. cxb5 g6 22. Rc1 Rxc1 23. Nxc1 Re6 24. Bb4 d5 25. Bxa5 bxa5 26. Nb3
dxe4 27. fxe4 Ng4+ 28. Kg3 Rd6 29. Nc5 Nf6 30. Ra3 Bc8 31. Kf3 Nd7 32. Nxd7
Bxd7 33. Ke3 Kf8 34. Rxa5 Ke7 35. Ra7 Rb6 36. Bc4 Kd6 37. Ra6 Kc5 38. Bxf7
Bxb5 39. Ra7 Bc6 40. Re7 Rb2 41. Rxe5+ Kd6 42. Rg5 Ke7 43. Bc4 Kf6 44. Rc5
Bd7 45. e5+ Ke7 46. Rc7 Kd8 47. Ra7 Rxg2 48. e6 Bxe6 49. Bxe6 Rxh2 50. Kf4
1/2-1/2

[Event "Aeroflot Open"]
[Site "Moscow RUS"]
[Date "2002.02.05"]
[Round "1"]
[White "Bar,R"]
[Black "Moiseenko,A"]
[Result "1/2-1/2"]
[WhiteElo "2418"]
[BlackElo "2559"]
[EventDate "2002.02.04"]

1. e4 c5 2. Nf3 Nc6 3. d4 cxd4 4. Nxd4 e5 5. Nb5 d6 6. c4 Be7 7. N1c3 a6 8.
Na3 Be6 9. Be2 Nd4 10. O-O Nxe2+ 11. Qxe2 Nf6 12. Nc2 Rc8 13. Ne3 O-O 14.
f3 Qc7 15. b3 b5 16. Ncd5 Nxd5 17. Nxd5 Bxd5 18. cxd5 Qc2 19. Rf2 Qc3 20.
Bb2 Qc5 21. Bc1 h6 22. Be3 Qa3 23. Qd3 Bg5 24. Bxg5 hxg5 25. Rc2 Rc5 26.
Rxc5 Qxc5+ 27. Kf1 Rc8 28. Re1 g6 29. Qe3 Qxe3 30. Rxe3 a5 31. Re2 f5 32.
Ke1 g4 33. fxg4 fxe4 34. Rxe4 Rc5 35. Re2 Rxd5 36. Rd2 Rxd2 37. Kxd2 Kf7
38. g5 Ke6 39. g4 d5 40. Ke3 b4 41. h4 Kf7 1/2-1/2

[Event "Aeroflot Open"]
[Site "Moscow RUS"]
[Date "2002.02.05"]
[Round "1"]
[White "Gershon,A"]
[Black "Geller,J"]
[Result "1/2-1/2"]
[WhiteElo "2558"]
[BlackElo "2417"]
[EventDate "2002.02.04"]

1. d4 d5 2. c4 e6 3. Nc3 c6 4. Nf3 dxc4 5. a4 Bb4 6. e3 b5 7. Bd2 a5 8.
axb5 Bxc3 9. Bxc3 cxb5 10. b3 Bb7 11. bxc4 b4 12. Bb2 Nf6 13. Bd3 Nbd7 14.
O-O O-O 15. Re1 Re8 16. c5 Bc6 17. Bc2 Ne4 18. Ba4 Qc7 19. Bxc6 Qxc6 20.
Qa4 Qxa4 21. Rxa4 Ndxc5 22. dxc5 Nxc5 23. Raa1 a4 24. Reb1 Rec8 25. Bd4 Nb3
26. Ra2 a3 27. Nd2 Nxd2 28. Rxd2 b3 29. f4 b2 30. Bxb2 1/2-1/2

[Event "Aeroflot Open"]
[Site "Moscow RUS"]
[Date "2002.02.05"]
[Round "1"]
[White "Kim,A"]
[Black "Jobava,Ba"]
[Result "0-1"]
[WhiteElo "2414"]
[BlackElo "2556"]
[EventDate "2002.02.04"]

1. e4 c5 2. Nf3 d6 3. c3 Nf6 4. Be2 Nbd7 5. d3 g6 6. O-O Bg7 7. Re1 O-O 8.
Bf1 b6 9. a4 Bb7 10. Nbd2 Qc7 11. g3 e5 12. Bg2 Rfe8 13. Qc2 Rad8 14. Nf1
h6 15. Ne3 d5 16. exd5 Nxd5 17. Nc4 Nb8 18. Qb3 Bc6 19. Be3 Kh7 20. Qc2 f5
21. Rad1 Qd7 22. b3 Nxc3 23. Nfxe5 Rxe5 24. Nxe5 Bxe5 25. Rd2 Bxg2 26. Kxg2
Nc6 27. Qc1 Bg7 28. Rc2 Nb4 0-1

[Event "Aeroflot Open"]
[Site "Moscow RUS"]
[Date "2002.02.05"]
[Round "1"]
[White "Sadvakasov,D"]
[Black "Bartel,Mat"]
[Result "1-0"]
[WhiteElo "2555"]
[BlackElo "2413"]
[EventDate "2002.02.04"]

1. e4 e6 2. d4 d5 3. Nc3 Bb4 4. e5 c5 5. a3 Bxc3+ 6. bxc3 Qa5 7. Bd2 Ne7 8.
Nf3 Bd7 9. h4 Nbc6 10. h5 h6 11. Be2 O-O-O 12. O-O f6 13. c4 Qc7 14. cxd5
Nxd5 15. c4 Nde7 16. exf6 gxf6 17. d5 exd5 18. Qc1 Bg4 19. Bf4 Qd7 20. cxd5
Nxd5 21. Bg3 Qf5 22. Qxc5 Rhe8 23. Nd4 Rxe2 24. Nxc6 Rc2 25. Ne7+ 1-0

[Event "Aeroflot Open"]
[Site "Moscow RUS"]
[Date "2002.02.05"]
[Round "1"]
[White "Nadanian,A"]
[Black "Izoria,Z"]
[Result "1-0"]
[WhiteElo "2407"]
[BlackElo "2547"]
[EventDate "2002.02.04"]

1. e4 c5 2. g3 Nc6 3. Bg2 g6 4. d3 Bg7 5. f4 d6 6. Nf3 Nf6 7. O-O O-O 8. c3
Rb8 9. a4 a6 10. Qe2 b5 11. axb5 axb5 12. e5 dxe5 13. fxe5 Nd5 14. Qf2 Qb6
15. Nbd2 Bf5 16. Ne1 Nc7 17. Ndf3 Nxe5 18. Nxe5 Bxe5 19. Be3 Ne6 20. h3 Qd6
21. g4 Bxg4 22. hxg4 b4 23. Rc1 bxc3 24. bxc3 Rb3 25. Qd2 Rfb8 26. Be4 Bf6
27. Kg2 Rb2 28. Rc2 Bh4 29. Rg1 Rxc2 30. Nxc2 Rb2 31. Kh3 Bg5 32. Bxg5
Nxg5+ 33. Qxg5 Rxc2 34. Rg3 Rxc3 35. Qd2 Qd4 36. Rf3 Qe5 37. Qa2 c4 38.
Qa8+ Kg7 39. dxc4 Rc1 40. Kg2 Qg5 41. Qc8 Qd2+ 42. Rf2 Qe1 43. Qc6 Qg1+ 44.
Kf3 Rc3+ 45. Ke2 Qxg4+ 46. Kd2 Rg3 47. Qd5 e6 48. Qe5+ Kg8 49. Qb8+ Kg7 50.
Qb7 Kh6 51. Rxf7 Qg5+ 52. Kc2 Qe3 53. Rxh7+ Kg5 54. Qe7+ Kf4 55. Qf6+ 1-0

[Event "Aeroflot Open"]
[Site "Moscow RUS"]
[Date "2002.02.05"]
[Round "1"]
[White "Meshkov,Y"]
[Black "Rychagov,A"]
[Result "1/2-1/2"]
[WhiteElo "2407"]
[BlackElo "2544"]
[EventDate "2002.02.04"]

1. c4 e5 2. Nc3 Bb4 3. g3 Nf6 4. Bg2 O-O 5. e4 Bxc3 6. bxc3 d6 7. d3 Ne8 8.
Ne2 Nc6 9. O-O f5 10. exf5 Bxf5 11. h3 Qd7 12. g4 Be6 13. f4 exf4 14. Nxf4
Bf7 15. Rb1 Rb8 16. Qa4 Nf6 17. Be3 a6 18. Rfe1 h6 19. Nd5 Bxd5 20. cxd5
Ne5 21. Qd4 b6 22. Bf4 Ng6 23. Bg3 Rbe8 24. Qc4 Rxe1+ 25. Rxe1 a5 26. Qc6
Qf7 27. Rf1 Qe7 28. Re1 Qf7 29. Rf1 Re8 30. Be4 Ne5 31. Qb5 Qd7 32. Qxd7
Nexd7 33. Bf5 Nf8 34. c4 Re2 35. Re1 Rxe1+ 36. Bxe1 Kf7 1/2-1/2

[Event "Aeroflot Open"]
[Site "Moscow RUS"]
[Date "2002.02.05"]
[Round "1"]
[White "Goloshchapov,A"]
[Black "Timofeev,An"]
[Result "0-1"]
[WhiteElo "2545"]
[BlackElo "2320"]
[EventDate "2002.02.04"]

1. e4 c5 2. Nf3 d6 3. d4 cxd4 4. Nxd4 Nf6 5. Nc3 e6 6. g4 h6 7. g5 hxg5 8.
Bxg5 Nc6 9. Qd2 Qb6 10. Nb3 a6 11. h4 Bd7 12. Be2 Be7 13. h5 Qc7 14. O-O-O
O-O-O 15. Be3 Na5 16. Kb1 Bc6 17. Nxa5 Qxa5 18. Rhg1 Nxh5 19. Bxh5 Qxh5 20.
Rxg7 Bf6 21. Rgg1 Qf3 22. Bd4 Bxd4 23. Qxd4 Rh2 24. Rd2 Qf4 25. b3 Rh4 26.
Rg7 d5 27. Rd1 Rh2 28. exd5 Qxd4 29. Rxd4 Rxf2 30. Rgg4 exd5 31. Rgf4 Rxf4
32. Rxf4 Rd7 33. Kc1 Kc7 34. Kd2 Kd6 35. Ne2 Re7 36. Nd4 Re4 37. Rxe4 dxe4
38. Ke3 Ke5 39. Ne2 a5 40. a3 f5 41. Nf4 Be8 42. b4 axb4 43. axb4 Bf7 44.
Ne2 Kd5 45. Kd2 Kc4 46. c3 b6 47. Ng3 Bg6 48. Ne2 Bh5 49. Nf4 Bg4 50. Ng2
Kb3 51. Nf4 b5 0-1

[Event "Aeroflot Open"]
[Site "Moscow RUS"]
[Date "2002.02.05"]
[Round "1"]
[White "Poluljahov,A"]
[Black "Guseinov,K"]
[Result "1/2-1/2"]
[WhiteElo "2527"]
[BlackElo "2527"]
[EventDate "2002.02.04"]

1. d4 Nf6 2. c4 g6 3. Nc3 Bg7 4. e4 d6 5. Nge2 O-O 6. Ng3 c5 7. d5 e6 8.
Be2 exd5 9. cxd5 Na6 10. O-O Nc7 11. a4 Re8 12. Bg5 h6 13. Be3 a6 14. Qd2
h5 15. f3 Bd7 16. Rab1 b5 17. axb5 Bxb5 18. b4 h4 19. Bxb5 Nxb5 20. Nge2
Na3 21. bxc5 Nxb1 22. Rxb1 dxc5 23. Bxc5 Nd7 24. Bf2 h3 25. f4 hxg2 26. Nd4
1/2-1/2